| 000 | 00450nam a2200181Ia 4500 | ||
|---|---|---|---|
| 005 | 20250603145636.0 | ||
| 008 | 250603s9999 xx 000 0 und d | ||
| 020 | _a9789352701315 | ||
| 050 | _aQR 99.63 .K36/ | ||
| 100 | _aKanchan, Tanuj | ||
| 245 | 0 | _aRapid review of toxicology | |
| 260 | _aNew Delhi | ||
| 260 | _bJaypee brothers medical publications (P) Ltd. | ||
| 260 | _c2018 | ||
| 300 | _a171 p | ||
| 650 | _aNew Delhi | ||
| 942 | _cBK | ||
| 999 |
_c42431 _d42431 |
||